| 000 | 00389cam a2200145ua 4500 | ||
|---|---|---|---|
| 041 |
_aeng _h |
||
| 082 |
_a370.19 _bCOO/SO |
||
| 100 | _aCook, lloyel Allen. | ||
| 245 |
_aSociological approach to education / _cLloyel Allen cook. _hTextual Documents |
||
| 260 |
_aNew York : _bMcGraw Hill Book Company , _c1960. |
||
| 300 | _a371 ; . | ||
| 504 | _a | ||
| 942 | _cBK | ||
| 999 |
_c11537 _d11537 |
||